000 00602nam a2200229Ia 4500
003 BUBTL
008 151213s9999 xx 000 0 und d
020 _a978007058719-9
082 _a515.35
_bBRD
100 _aRichard Bronson
245 _aDifferential Equations
_cRichard Bronson
250 _a2nd
260 _aNew Delhi
_bTata mc Graw Hill
_c1994
300 _a[x] , 358p . :
_b28cm .
500 _aIncludes Index .
650 _aMathematics
650 _aMathematics
700 _aRichard Bronson
856 _k0
_l0
_yDownload
942 _2ddc
_cBK
999 _c3363
_d3363